000 00581nam a22001937a 4500
003 OSt
005 20160707145059.0
008 160707b xxu||||| |||| 00| 0 eng d
020 _a0521440920
040 _cDNLM.
082 _aGZ365L583i1997.
100 _aLeong,S-Y anthony;Wick,R.Mark;Swanson,E.Paul;
_910026
245 _aImmunohistology and electron Microscopy and Anaplastic and Pleomorphic Tumors.
260 _aUK.
_bCambridge University Press.
_c1997.
300 _axv,287p;
_bill;
_c25cm.
504 _aincludes index.
650 _aHistology.
_9194
942 _2z
_cO_SHELF
999 _c4661
_d4661